Konštrukcia a výroba tvárniaceho nástroja na výrobu misky silentbloku s počítačovou podporou
Gespeichert in:
| 1. Verfasser: | |
|---|---|
| Weitere Verfasser: | |
| Format: | Manuskript Buch |
| Sprache: | Slowakisch |
| Veröffentlicht: |
2019
|
| Schlagworte: | |
| Online-Zugang: | http://is.stuba.sk/zp/portal_zp.pl?podrobnosti=144154 |
| Tags: |
Keine Tags, Fügen Sie das erste Tag hinzu!
|
MARC
| LEADER | 00000ntm a22000003a 4500 | ||
|---|---|---|---|
| 001 | stuzp72820 | ||
| 003 | SK-STU | ||
| 005 | 20190615212131.6 | ||
| 007 | ta | ||
| 008 | 150427s2015----xo-----f-mn---000-0-slo-d | ||
| 040 | |a STU |b slo | ||
| 041 | 0 | |a slo | |
| 100 | 1 | |a Kos, Matej |u 063000 |4 aut |U MTF Materiálovotechnologická fakulta |T MTF Ústav výrobných technológií |X 82001 |U M3000 |Y 83 |7 82001 | |
| 242 | 0 | 1 | |a Design and production of the forming tool for development of the silent block bowl with the computer aided |y eng |
| 245 | 1 | 0 | |a Konštrukcia a výroba tvárniaceho nástroja na výrobu misky silentbloku s počítačovou podporou |
| 260 | |c 2019 | ||
| 650 | 4 | |a tvárniaci nástroj |2 slo | |
| 650 | 4 | |a počitačová podpora |2 slo | |
| 650 | 4 | |a CREO 4.0 |2 slo | |
| 650 | 4 | |a silentblok |2 slo | |
| 650 | 4 | |a konštrukcia |2 slo | |
| 650 | 4 | |a výroba |2 slo | |
| 650 | 4 | |a production |2 eng | |
| 650 | 4 | |a design |2 eng | |
| 650 | 4 | |a forming tool |2 eng | |
| 650 | 4 | |a silent block |2 eng | |
| 650 | 4 | |a computer aided |2 eng | |
| 650 | 4 | |a CREO 4.0 |2 eng | |
| 700 | 1 | |a Bílik, Jozef |u 063400 |k Z1 |4 ths |U MTF Ústav výrobných technológií |T MTF Katedra tvárnenia kovov a plastov |X 1547 |U M3400 |Y 163 |7 A000001547 | |
| 856 | 4 | |u http://is.stuba.sk/zp/portal_zp.pl?podrobnosti=144154 | |
| 996 | |c M* DP-13956 |l MMSKP |s P |a 0 |w stuzp72820_0001 | ||